000 00788nam a22002297a 4500
999 _c3983
_d3983
005 20241127155602.0
008 241127b ||||| |||| 00| 0 eng d
020 _a9781405288958
040 _cKH8
082 _a794.8 MIL
100 _aMilton, Stephanie
_eAuthor
245 _aMinecraft: Guide to Enchantments & Potions
_cStephanie Milton
260 _a London,
_b Egmont UK Limited,
_c2018
300 _a1 volume
_c ; 21 cm
440 _aMinecraft essential handbook
520 _aIn Minecraft, danger lurks around every corner and you'll need powerful tools and equipment if you want to survive. The official Minecraft Guide
521 _bHandbook
650 _aRecreational and performing arts
650 _aArts & recreation
650 _aRecreation
942 _2ddc
_cNFIC